| 000 | 00873nam a2200265 a 4500 | ||
|---|---|---|---|
| 001 | 31616 | ||
| 003 | BD-RjUL | ||
| 005 | 20211209051727.0 | ||
| 008 | 140421s1954 enka 001 0 eng | ||
| 035 | _a(BD-RjUL) 31704 | ||
| 040 |
_aID _beng _cID _dID _dBD-RjUL |
||
| 041 | _aeng | ||
| 082 | 0 | 4 |
_a275.47 _bTHC 1954 |
| 100 | 1 |
_aThomas, P. _996221 |
|
| 245 | 1 | 0 |
_aChristians and Christianity in India and Pakistan : _ba general survey of the progress of Christianity in India from apostolic times to the present day / _cby P. Thomas. |
| 260 |
_aLondon : _bAllen & Unwin, _cc 1954. |
||
| 300 |
_a260 p., [7] p. of plates : _bill. ; _c23 cm. |
||
| 500 | _aIncludes index. | ||
| 504 | _aBibliography: p. 245. | ||
| 650 | 0 |
_aChristians in India. _996222 |
|
| 651 | 0 |
_aIndia _xChurch history. _995597 |
|
| 942 |
_2ddc _cBK |
||
| 999 |
_c31616 _d31616 |
||